00352nam a2200109Ia 4500008004100000082000800041100001500049245006000064942000600124952009700130999001500227240331s9999 xx 000 0 und d bBOU aBoilding,E 4aThe underside of history :baview of women through time cL 001040708LaWERCLbWERCLcSSCd2024-03-31l0o 305.4 BOUp3700r2024-03-31w2024-03-31yL c4472d4472